000 01844nam a2200337Ia 4500
999 _c55868
_d55868
001 22966
003 GE_BSU
005 20230612173207.0
008 181216s1966||||ge |||||||||||||| ||geo||
040 _cGE_BSU
041 _ageo
080 _a821.353.1.0 ბ-25
100 _aბარამიძე, ალექსანდრე
_97553
245 _aშოთა რუსთაველი და მისი პოემა = Шота руставели и эго поема /
_cალექსანდრე ბარამიძე ; რედ. ც. კახაბრიშვილი ; მხატვ. ვ.ხმალაძე.
264 _aთბილისი :
_bმეცნიერება,
_c1966.
300 _a526 გვ. ;
_c20 სმ.
500 _aშოთა რუსთაველის დაბადების 800 წლისთავი
500 _aპირთ. საძ. გვ. : 516-524
541 _h4ლ.44თ.
653 _aლიტერატურათმცოდნეობა
653 _aლიტერატურათმცოდნეობა
653 _aმხატვრული ლიტერატურა
653 _aფოლკლორი
653 _aლიტერატურათმცოდნეობა
653 _aშოთა რუსთაველი და მისი პოემა
653 _aშოთა რუსთაველის დაბადების 800 წლისთავი
700 _aკახაბრიშვილი, ც.
_eრედაქტორი
_918648
700 _aხმალაძე, ვ.
_eმხატვარი
_918022
710 _aსაქართველოს სსრ მეცნიერებათა აკადემია
_918654
942 _cBK
_2udc